000 00332nam a2200121Ia 4500
008 150202s9999 xx 000 0 und d
050 _aFIC
_bFIC
100 _aHampson, Anne.
245 _aLeaf in the storm /
_cAnne Hampson.
260 _aNew York :
_bHarlequin Books,
_c1978.
300 _a187 pages :
_c18 cm.
650 _aFiction.
999 _c282087
_d282087